000 00316nam a2200133Ia 4500
008 230818s1987 xx 000 0 und d
041 _aeng
100 _aPotter
245 _aFood Science 3rd ed.
260 _bC.B.S.Publication
_c1987
300 _a780p
520 _aGeneral | Hard Board
999 _c853856
_d853856
650 _aFood Safety